Budovanie spoločnosti juhovýchodnej Ázie

Salvato in:
Dettagli Bibliografici
Autore principale: Vilčák, Peter
Natura: Capitolo di libro
Lingua:slovacco
Tags: Aggiungi Tag
Nessun Tag, puoi essere il primo ad aggiungerne!!

MARC

LEADER 00000naa$a2200000$$$4500
001 0062762
005 20240502071717.8
041 0 |a slo 
044 |a SK 
245 1 0 |a Budovanie spoločnosti juhovýchodnej Ázie  |c Peter Vilčák 
100 1 |a Vilčák, Peter